000 00549nam a2200193Ia 4500
005 20250317130234.0
008 008 250317s9999 xx 000 0 eng d
020 _a81-202-0203-1
037 _aTextbook
040 _aFMSL
_beng
_cFMSL
041 _aeng
_2eng
084 _aX9D.44 M8
_qFMSL
100 _aGangadhar V
245 0 _aFicial trends in the Indian corporate sector
260 _aDelhi
_bDelhi, Ajanta Publications
_c1988
300 _axiii,275
942 _cTB
_hX9D.44 M8
999 _c1262919
_d1262919